000 00464nam a2200181Ia 4500
001 12199
005 20260306162924.0
008 260306t2019||||xx |||||||||||||| ||spa||
041 _aESP
082 _aHR 340
_bNº 49 2019 RA-NT
100 _aPlaza Penadés, Javier
_eAUT
245 0 _aRevista Aranzadi de derecho y nuevas tecnologías
260 _c2019
300 _a347 páginas :
_c24 cm.
650 _aGEN
654 _aCDE
942 _cREV
_dJUS
_fJUS
_2ddc
_n
999 _c12199
_d12199